|
|
|
|
| LEADER |
00000cam a22000004a 4500 |
| 001 |
musev2_5565 |
| 003 |
MdBmJHUP |
| 005 |
20230905040647.0 |
| 006 |
m o d |
| 007 |
cr||||||||nn|n |
| 008 |
810714s1980 cc o 00 0 eng d |
| 010 |
|
|
|z 81124874
|
| 020 |
|
|
|a 9789882200838
|
| 020 |
|
|
|z 9789622090224
|
| 035 |
|
|
|a (OCoLC)654124492
|
| 040 |
|
|
|a MdBmJHUP
|c MdBmJHUP
|
| 043 |
|
|
|a as-----
|
| 050 |
0 |
4 |
|a HV395.8
|b .C65
|
| 082 |
0 |
|
|a 361/.959
|2 19
|
| 245 |
0 |
0 |
|a Community Problems and Social Work in Southeast Asia :
|b The Hong Kong and Singapore Experience /
|c selected and edited by Peter Hodge.
|
| 264 |
|
1 |
|a [Hong Kong] :
|b Hong Kong University Press,
|c 1980.
|
| 264 |
|
3 |
|a Baltimore, Md. :
|b Project MUSE,
|c 2012
|
| 264 |
|
4 |
|c ©1980.
|
| 300 |
|
|
|a 1 online resource (254 pages):
|b port. ;
|
| 336 |
|
|
|a text
|b txt
|2 rdacontent
|
| 337 |
|
|
|a computer
|b c
|2 rdamedia
|
| 338 |
|
|
|a online resource
|b cr
|2 rdacarrier
|
| 504 |
|
|
|a Includes bibliographical references.
|
| 588 |
|
|
|a Description based on print version record.
|
| 650 |
|
0 |
|a Social service
|z Southeast Asia.
|
| 651 |
|
0 |
|a Southeast Asia
|x Social conditions.
|
| 655 |
|
7 |
|a Electronic books.
|2 local
|
| 700 |
1 |
|
|a Hodge, Peter,
|d 1924-
|
| 710 |
2 |
|
|a Project Muse.
|e distributor
|
| 830 |
|
0 |
|a Book collections on Project MUSE.
|
| 856 |
4 |
0 |
|z Texto completo
|u https://projectmuse.uam.elogim.com/book/5565/
|
| 945 |
|
|
|a Project MUSE - Custom Collection
|
| 945 |
|
|
|a Project MUSE - Archive Complete Foundation
|
| 945 |
|
|
|a Project MUSE - Archive Political Science and Policy Studies Foundation
|
| 945 |
|
|
|a Project MUSE - Archive Asian and Pacific Studies Foundation
|